000 00432nam a22001697a 4500
003 OSt
005 20211019114052.0
008 211019b |||||||| |||| 00| 0 eng d
020 _a978-0-7020-3226-4
040 _aDDC
_cHU
082 _23
_a612
_b1
100 _aWaugh ANNE
_914153
245 _aANATOMY and PHYSIOLOGY Colouring and Workbook
250 _a3
260 _aLondon
_bCHURCHILL LIVINGSTONE
_c612
942 _2ddc
_cBOOKS
_n0
999 _c13293
_d13293